000
00310nam a22001217a 4500
020
_a
0070583110
082
_a
005.8FIR
100
_a
Strassberg, Keith E. & Richard j. Gondek & Gary Rollie
245
_a
The complete Reference Firewalls
260
_a
India
_b
Tata McGraw-Hill
_c
2003
300
_a
944
_b
PB
942
_c
BK
999
_c
23137
_d
23137